The public burning / (Record no. 200468064)

MARC details
000 -LEADER
fixed length control field 01667cam a2200445 i 4500
001 - CONTROL NUMBER
control field 200468064
003 - CONTROL NUMBER IDENTIFIER
control field TR-AnTOB
005 - DATE AND TIME OF LATEST TRANSACTION
control field 20260413112212.0
007 - PHYSICAL DESCRIPTION FIXED FIELD--GENERAL INFORMATION
fixed length control field ta
008 - FIXED-LENGTH DATA ELEMENTS--GENERAL INFORMATION
fixed length control field 260413r19781977nyu 000 1 eng
010 ## - LIBRARY OF CONGRESS CONTROL NUMBER
LC control number 97028954
020 ## - INTERNATIONAL STANDARD BOOK NUMBER
International Standard Book Number 0140048456
Qualifying information (paperback)
035 ## - SYSTEM CONTROL NUMBER
System control number (CLU)7392384-ucladb-Voyager
System control number (OCoLC)123270661
System control number (OCoLC)ocn123270661
System control number (EXLNZ-01UCS_NETWORK)9912850543506531
System control number (TR-AnTOB)200468064
040 ## - CATALOGING SOURCE
Original cataloging agency DLC
Language of cataloging eng
Description conventions rda
Transcribing agency STF
Modifying agency BAKER
-- OCLCG
-- DEBBG
-- BDX
-- OCLCF
-- OCLCO
-- OCLCQ
-- WCM
-- OCLCO
-- OCL
-- BKL
-- DEHBZ
-- OCLCQ
-- OCLCO
-- IL4J6
-- OCLCQ
-- OCLCO
-- OCLCL
-- IG#
-- OCLCL
-- CUD
-- OCLCO
-- TR-AnTOB
041 0# - LANGUAGE CODE
Language code of text/sound track or separate title İngilizce
043 ## - GEOGRAPHIC AREA CODE
Geographic area code n-us---
050 04 - LIBRARY OF CONGRESS CALL NUMBER
Classification number PS3553.O633
Item number P8 1978
090 ## - LOCALLY ASSIGNED LC-TYPE CALL NUMBER (OCLC); LOCAL CALL NUMBER (RLIN)
Classification number (OCLC) (R) ; Classification number, CALL (RLIN) (NR) PS3553.O633
Local cutter number (OCLC) ; Book number/undivided call number, CALL (RLIN) P8 1978
100 1# - MAIN ENTRY--PERSONAL NAME
Personal name Coover, Robert
Relator term author
Relator code aut
9 (RLIN) 153582
245 14 - TITLE STATEMENT
Title The public burning /
Statement of responsibility, etc. Robert Coover.
264 #1 - PRODUCTION, PUBLICATION, DISTRIBUTION, MANUFACTURE, AND COPYRIGHT NOTICE
Place of production, publication, distribution, manufacture Harmondsworth :
Name of producer, publisher, distributor, manufacturer Penguin Books,
Date of production, publication, distribution, manufacture, or copyright notice 1978.
300 ## - PHYSICAL DESCRIPTION
Extent 653 pages ;
Dimensions 18 cm
336 ## - CONTENT TYPE
Content type term text
Content type code txt
Source rdacontent
337 ## - MEDIA TYPE
Media type term unmediated
Media type code n
Source rdamedia
338 ## - CARRIER TYPE
Carrier type term volume
Carrier type code nc
Source rdacarrier
500 ## - GENERAL NOTE
General note Originally published: New York: Viking Press, 1977.
600 10 - SUBJECT ADDED ENTRY--PERSONAL NAME
Personal name Rosenberg, Julius,
Dates associated with a name 1918-1953
Form subdivision Fiction
9 (RLIN) 148076
Personal name Rosenberg, Ethel,
Dates associated with a name 1915-1953
Form subdivision Fiction
9 (RLIN) 148077
650 #0 - SUBJECT ADDED ENTRY--TOPICAL TERM
Topical term or geographic name entry element Trials (Espionage)
Form subdivision Fiction
9 (RLIN) 153583
Topical term or geographic name entry element Communists
Form subdivision Fiction
9 (RLIN) 153584
655 #7 - INDEX TERM--GENRE/FORM
Genre/form data or focus term Historical fiction
Source of term lcgft
Authority record control number http://id.loc.gov/authorities/genreForms/gf2014026370
9 (RLIN) 5021
Genre/form data or focus term Biographical fiction
Source of term lcgft
Authority record control number http://id.loc.gov/authorities/genreForms/gf2014026246
9 (RLIN) 5330
942 ## - ADDED ENTRY ELEMENTS (KOHA)
Source of classification or shelving scheme Library of Congress Classification
Koha item type Book
Holdings
Withdrawn status Lost status Source of classification or shelving scheme Not for loan Collection code Home library Current library Shelving location Date acquired Source of acquisition Inventory number Total Checkouts Full call number Date last seen Copy number Date shelved Koha item type Public note
    Library of Congress Classification Ödünç Verilemez-Kurumiçi kullanım / Not for loan-For inhouse use Genel Koleksiyon Tıp Fakültesi Medikal Kütüphane Tıp Fakültesi Medikal Kütüphane Genel Koleksiyon / Main Collection 18/03/2026 Bağış / Donation İDE   PS3553.O633 P8 1978 TıpFaK 13/04/2026 1 13/04/2026 Book Donated by Prof. Dr. Şükrü Cin
Devinim Yazılım Eğitim Danışmanlık tarafından Koha'nın orjinal sürümü uyarlanarak geliştirilip kurulmuştur.